[Event "14th Sigeman & Co"]
[Site "Malmo SWE"]
[Date "2006.04.28"]
[Round "1"]
[White "Atalik,S"]
[Black "Stellwagen,D"]
[Result "1/2-1/2"]
[WhiteElo "2632"]
[BlackElo "2543"]
[EventDate "2006.04.28"]

1. d4 Nf6 2. c4 g6 3. Nc3 Bg7 4. e4 d6 5. Nf3 O-O 6. h3 Na6 7. Bg5 c6 8.
Be2 e5 9. O-O exd4 10. Nxd4 Re8 11. Bf3 h6 12. Bf4 Nh7 13. Re1 Ng5 14. h4
Nxf3+ 15. Nxf3 Bg4 16. Qxd6 Qb6 17. Qd2 Rad8 18. Qe2 Nc5 19. Be3 Qa5 20.
Rad1 Rxd1 21. Qxd1 Nxe4 22. Bd4 Bxf3 23. gxf3 Nf6 24. Rxe8+ Nxe8 25. Bxg7
Nxg7 26. Qd7 Nf5 27. Qxb7 Nxh4 28. Qc8+ Kg7 29. Qg4 Qg5 30. Kh2 Qe5+ 31. f4
Qe7 32. Qe2 Qf6 33. Qe3 h5 34. b4 Nf5 35. Qe5 Nd4 36. Kg2 Ne6 37. Kf3 Nd4+
38. Ke4 Nc2 39. b5 cxb5 40. cxb5 h4 41. Kf3 Qxe5 42. fxe5 Ne1+ 43. Ke4 h3
44. Ne2 f5+ 45. exf6+ Kxf6 46. a4 h2 47. Ng3 Ke6 48. a5 Kd6 49. Nh1 Kc5 50.
b6 axb6 51. axb6 Kxb6 1/2-1/2

[Event "14th Sigeman & Co"]
[Site "Malmo SWE"]
[Date "2006.04.28"]
[Round "1"]
[White "Hillarp Persson,T"]
[Black "Carlsson,P"]
[Result "1/2-1/2"]
[WhiteElo "2524"]
[BlackElo "2433"]
[EventDate "2006.04.28"]

1. d4 Nf6 2. c4 e6 3. Nc3 Bb4 4. e3 O-O 5. Nge2 Re8 6. a3 Bf8 7. d5 d6 8.
g3 Nbd7 9. dxe6 fxe6 10. Bg2 Nb6 11. b3 d5 12. a4 dxc4 13. Qxd8 Rxd8 14. a5
Nbd7 15. bxc4 Ne5 16. a6 Rb8 17. axb7 Bxb7 18. O-O Nxc4 19. Rxa7 Bxg2 20.
Kxg2 Bd6 21. Nd4 Re8 22. Rd1 Nd5 23. Ne4 Rb1 24. Rf1 Nf6 25. Nc3 Rbb8 26.
h3 Kf7 27. Ra2 Ra8 28. Rc2 e5 29. Ndb5 Ra5 30. Rd1 Rb8 31. Nxd6+ cxd6 32.
Ne4 Nxe3+ 33. Bxe3 Nxe4 34. Rc7+ Kf8 35. Kf3 d5 36. Rd7 Nf6 37. Rc7 Ra3 38.
Kg2 d4 39. Bg5 h6 40. Bxf6 gxf6 41. Rdc1 Rab3 1/2-1/2